Music Quiz

Random Music or Artist Quiz

Song Titles in Opening Lyrics III Quiz Stats

Quiz Updated Nov 21, 2012

Challenge
Share
Tweet
Embed
Score 0/18 Timer 06:00
3 Plays Today
Opening Lyrics Song % Correct
[Title]!/If there's somethin' strange in your neighborhood/Who ya gonna call? [Title]!Ghostbusters
85.9%
Shot through the heart, and you're to blame/Darlin', [Title]You Give Love a Bad Name
85.4%
They see me rollin', they hatin'/Patrollin' and tryin' to catch me [Title] dirtyRidin'
70.8%
Hi, [Title]/What? [Title]/Who? [Title]/Slim ShadyMy Name Is
64.9%
Strumming my pain with his fingers/Singing my life with his words/[Title]/[Title]Killing Me Softly with His Song
64.7%
[Title]?/Baby, don't hurt me/Don't hurt me, no moreWhat Is Love
62.4%
I'm at a [Title], trying to call home/All of my change, I spent on youPayphone
54.5%
You say you want a [Title]/Well you know we all want to change the worldRevolution
52.8%
Darling, you've got to let me know/[Title]?Should I Stay or Should I Go
45.4%
Opening Lyrics Song % Correct
People try to put us down (talkin' 'bout [Title])/Just because we get around (talkin' 'bout [Title]) My Generation
45.3%
[Title], my love has come along/My lonely days are over, and life is like a songAt Last
32.1%
[Title], I hit the sack/I've been too long, I'm glad to be backBack in Black
31.1%
Well she was an [Title]/Raised on promisesAmerican Girl
26.6%
When I get older, I will be stronger/They'll call me freedom, just like a [Title]Wavin' Flag
25.8%
[Title], exchanging glances/Wondering in the night, what were the chancesStrangers in the Night
24.2%
[Title] I stay up cashing in my bad luck/[Title] I call it a drawSome Nights
21.9%
[Title]/Will you remember me?/Don't let your life pass you byI Will Remember You
17%
Oh oh oh oh oooooh, oh oh oooh oooooooh, oh oooh oooh/Caught in a [Title]Bad Romance
16.1%

You're not logged in!

Compare scores with friends on all Sporcle quizzes.
Join for Free
OR
Log In

You Might Also Like...

Show Comments

Extras

Top Quizzes Today


Score Distribution

Your Account Isn't Verified!

In order to create a playlist on Sporcle, you need to verify the email address you used during registration. Go to your Sporcle Settings to finish the process.

Report this User

Report this user for behavior that violates our Community Guidelines.

Details: